Recommended dietary allowances
Saved in:
| Institution som forfatter: | |
|---|---|
| Format: | Bog |
| Sprog: | engelsk |
| Udgivet: |
Washington, D.C
National Academy of Sciences
1974
|
| Udgivelse: | 8a. ed |
| Fag: | |
| Tags: |
Tilføj Tag
Ingen Tags, Vær først til at tagge denne postø!
|
MARC
| LEADER | 00000nam a2200000 a 4500 | ||
|---|---|---|---|
| 001 | UCV3716 | ||
| 003 | CL-VaPUC | ||
| 008 | 910704e19740000US |||||||||||||||||eng|d | ||
| 082 | 0 | 4 | |a 641.1 |b COM |2 21 |
| 110 | 2 | |a Committee on Dietary Allowances |e author |9 298024 | |
| 245 | 1 | 0 | |a Recommended dietary allowances |
| 250 | |a 8a. ed | ||
| 300 | |a 128 P | ||
| 942 | |c BK | ||
| 945 | |d 19910704 00:00:00 | ||
| 260 | |a Washington, D.C |b National Academy of Sciences |c 1974 | ||
| 650 | 7 | |a DIETETICA |2 CL-VaPUC |9 259618 | |
| 583 | |a last modification |c 19910704 00:00:00 |k Rodrigo Vera | ||
| 999 | |c 210854 |d 210852 | ||
| 952 | |0 0 |1 0 |4 0 |6 641_100000000000000_COM_1974 |7 0 |8 A |9 187789 |a BIBALI |b BIBALI |c GEN |d 2019-11-14 |i 2553163 |o 641.1 COM 1974 |p 2553163 |r 2025-01-20 |w 2019-11-14 |y BK |k ALI | ||